000 00627nam a22002177a 4500
003 UA-OsUOA
001 82208
007 ta
008 20120224b un ||||| |||| 00| 0 ukr d
100 _aУщаповский Ю.
090 _a330(477)
_bУ96
942 _cSA
040 _aUA-OsUOA
_bukr
_cUA-OsUOA
_dUA-OsUOA
245 _aКиївська економічна школа ХІХ ст. у контексті зародження інституціоналізму
300 _aС.70-80
955 _a0
041 _aukr
080 _a330(477)
773 0 _w82204
650 7 _a330 Економіка взагалі
_2UDC
999 _c368511
_d368511